00964nam a2200265 a 4500999001500000008004100015040001200056041000800068044000700076082002500083100003500108245006600143260004700209300003600256490003800292502008500330650003100415650001500446655004000461700002900501852000700530904001300537942000700550952014100557 c2093d2093200207s2018 ii ad||| m|||a00| 0 eng d aKObeng0 aeng aii04223a378.242bPRM16151 aKailath, Jose AlexeResearcher10aStudy On Material Management Of FMCG Products Of THAI Group / aKochi :bIndian Maritime University,c2018 a70 p. :bill., charts ;c29 cm.0 aMBA Project 2016-18 ;v1605305015 aProject (MBA)–Indian Maritime University. School of Maritime Management, 2018. 0aRefuse and refuse disposal 0aManagement 72lcshaDissertations, Academicy20181 aP. A, Jayan cDr.eGuide aKO aReshma_R cTH 00102ddc406378_242000000000000_PRM1615708PRM96253aKObKOcREFd2018-06-17l1o378.242 PRM1615pTH0276r2022-04-25s2022-04-25yTH